گوپی چند نارنگ : (Record no. 170504)
[ view plain ]
| 000 -LEADER | |
|---|---|
| fixed length control field | 00649nam a22001817a 4500 |
| 005 - DATE AND TIME OF LATEST TRANSACTION | |
| control field | 20191217111347.0 |
| 010 ## - LCCN (DPL NO) | |
| LC control number | A-770682 |
| 035 ## - SYSTEM CONTROL NUMBER | |
| System control number | A-770682 |
| 037 ## - SOURCE OF ACQUISITION | |
| Source of stock number/acquisition | BPPD/Pub. |
| 082 ## - DEWEY DECIMAL CLASSIFICATION NUMBER | |
| Classification number | 840.8 |
| 100 ## - MAIN ENTRY--PERSONAL NAME | |
| Personal name | محمد حامد علی خاں |
| 245 ## - TITLE STATEMENT | |
| Title | گوپی چند نارنگ : |
| Remainder of title | حیات و چدمات / |
| Statement of responsibility, etc | محمد حامد علی چاں |
| 246 ## - VARYING FORM OF TITLE | |
| Title proper/short title | Gopi Chand Narang: Hayaat-o-Khidmaat / |
| Remainder of title | by Mohd. Hamid Ali Khan |
| 260 ## - PUBLICATION, DISTRIBUTION, ETC. (IMPRINT) | |
| Place of publication, distribution, etc | Delhi |
| Name of publisher, distributor, etc | Educational Publishing House |
| Date of publication, distribution, etc | 1995 |
| 270 ## - ADDRESS | |
| Address | 3108-Gali Azizuddin Vakil, Kucha Pandit, Lal Kuan |
| City | Delhi |
| Postal code | 110006 |
| 300 ## - PHYSICAL DESCRIPTION | |
| Extent | 527p. |
| Dimensions | 21cm(Hb) |
| 942 ## - ADDED ENTRY ELEMENTS (KOHA) | |
| Source of classification or shelving scheme | Dewey Decimal Classification |
| Item type | Urdu Bks |
| Classification part | 840.8 |
| Call number suffix | ن ا ر |
| Withdrawn status | Lost status | Not for loan | Collection code | Home library | Current library | Date acquired | Source of acquisition | Cost, normal purchase price | Full call number | Barcode | Copy number | Cost, replacement price | Koha item type |
|---|---|---|---|---|---|---|---|---|---|---|---|---|---|
| Non-fiction | Central Library | Central Library | 17/12/2019 | BPPD/Ven. | 290.00 | 840.8 ن ا ر | A-770682 | 1 | 290.00 | Urdu Bks |
